Score 0/36 Timer 06:00
6 Plays Today
% Correct
King Arthur
95.1%
Dracula
95%
The Men of Sherwood Forest
93.6%
Lancelot and Guinevere
93.2%
The Passion of The Christ
93.2%
Camelot
92.9%
The Prince of Thieves
92%
The Messiah
91.9%
Excalibur
91.6%
Van Helsing
89.4%
The Sword in the Stone
89.2%
Mandela: Long Walk to Freedom
88.8%
Love at First Bite
87%
Platoon
86.8%
Full Metal Jacket
85.7%
D-Day the Sixth of June
85.5%
We Were Soldiers
85.5%
Casualties of War
83.5%
% Correct
Cry Freedom
82.6%
Nosferatu
82.5%
Saving Private Ryan
82.1%
Gunfight at the O.K. Corral
82%
Wyatt Earp
81.2%
King of Kings
80.9%
Invictus
80%
The Greatest Story Ever Told
79.4%
The Green Berets
79.4%
Monty Python and the Holy Grail
78.6%
Tombstone
77.6%
A World Apart
72.1%
The Deer Hunter
70.3%
A Dry White Season
64.5%
My Darling Clementine
64.2%
The Longest Day
57.4%
Ivanhoe
48.4%
Where Eagles Dare
32.8%
Remove Ads.
Support Sporcle.
Get the best of Sporcle when you Go Orange. This ad-free experience offers more features, more stats, and more fun while also helping to support Sporcle. Thank you for becoming a member.

You're not logged in!

Compare scores with friends on all Sporcle quizzes.
OR
Log In

Show Comments

Extras

Top Quizzes Today


Score Distribution

Your Account Isn't Verified!

In order to create a playlist on Sporcle, you need to verify the email address you used during registration. Go to your Sporcle Settings to finish the process.

Report this User

Report this user for behavior that violates our Community Guidelines.

Details: